000 00529nam a2200181Ia 4500
003 OSt
005 20201117120914.0
008 190216s9999||||xx |||||||||||||| ||und||
020 _a9780195675153
040 _coclc
082 _a428.2
_bSEE/O
100 _a Seely, John
_96533
245 0 _aOxford Guide To Effective Writing And Speaking /
_cJohn Seely
260 _bOxford University Press,
_aNew delhi;
_c2007.
300 _a312p
650 _aEnglish
942 _cBK
_2ddc
_h428.2
_iSEE/O
_k428.2
_mSEE/O
999 _c14439
_d14439